| 000 | 00774nmc a2200277 a 4500 | ||
|---|---|---|---|
| 003 | AR-BaBNM | ||
| 005 | 20251128205257.0 | ||
| 008 | 011101s1992 ||||||||||||||000 | spa|| | ||
| 020 | _a950-506-254-0 | ||
| 040 | _cAR-BaBNM | ||
| 100 | 1 | _aAlvarez, Silvia | |
| 245 | 1 | 0 | _aLas palabras son de todos |
| 260 |
_aBuenos Aires _bEdicial _c1992 |
||
| 300 |
_a143 p. _bdiagr., tablas |
||
| 490 | 0 | _aReferencias pedagógicas | |
| 650 | 4 | _aMETODOS DE ENSENANZA | |
| 650 | 4 | _aENSENANZA DE LA ESCRITURA | |
| 650 | 4 | _aENSENANZA DE LA LECTURA | |
| 650 | 4 | _aENSENANZA DE LA EXPRESION ORAL | |
| 653 | _aENSENANZA DE LA LENGUA | ||
| 653 | _aEDUCACION GENERAL BASICA | ||
| 653 | _aEXPRESION ESCRITA | ||
| 653 | _aINTEGRACION DE CONTENIDOS | ||
| 942 | _cBK | ||
| 998 | _cSILVI | ||
| 999 |
_c10702 _d10702 |
||